Statistics for Premier League 2017-18 Opening Day Starting XI

Click here to take the quiz!

General Stats

  • This quiz has been taken 475 times
  • The average score is 86 of 220

Answer Stats

TeamPlayer% Correct
ArsenalGKPetr Cech
89%
Manchester CityFWSergio Agüero
81%
Manchester UnitedGKDavid De Gea
80%
Manchester CityGKEderson
79%
Tottenham HotspurFWHarry Kane
79%
Tottenham HotspurGKHugo Lloris
78%
Tottenham HotspurDFKyle Walker-Peters
78%
ArsenalFWMesut Özil
78%
LiverpoolFWSadio Mané
78%
Manchester CityMFKyle Walker
77%
LiverpoolFWMohamed Salah
77%
Manchester CityMFDavid Silva
76%
LiverpoolFWRoberto Firmino
76%
Manchester CityMFKevin De Bruyne
75%
ArsenalFWAlexandre Lacazette
73%
Tottenham HotspurMFDele Alli
73%
Leicester CityFWJamie Vardy
72%
Manchester UnitedFWRomelu Lukaku
72%
LiverpoolMFJordan Henderson
71%
Manchester CityDFJohn Stones
70%
Manchester CityFWGabriel Jesus
69%
ArsenalMFHector Bellerin
68%
EvertonGKJordan Pickford
68%
Swansea CityMFLeroy Fer
67%
ChelseaGKThibaut Courtois
67%
Manchester UnitedMFMarcus Rashford
66%
ChelseaMFN'Golo Kanté
66%
Manchester UnitedMFPaul Pogba
66%
Manchester UnitedDFPhil Jones
66%
Leicester CityMFRiyad Mahrez
66%
LiverpoolGKSimon Mignolet
66%
Manchester CityDFVincent Kompany
66%
ChelseaDFDavid Luiz
65%
Crystal PalaceFWWilfried Zaha
65%
Tottenham HotspurDFJan Vertonghen
64%
Manchester CityMFFernandinho
63%
ChelseaFWWillian
63%
ArsenalMFGranit Xhaka
62%
Manchester UnitedMFJuan Mata
62%
Manchester CityDFNicolas Otamendi
62%
Tottenham HotspurDFToby Alderweireld
62%
Tottenham HotspurMFChristian Eriksen
61%
LiverpoolDFDejan Lovren
61%
ChelseaDFGary Cahill
61%
Leicester CityGKKasper Schmeichel
61%
ArsenalDFNacho Monreal
61%
Manchester UnitedMFNemanja Matic
61%
LiverpoolDFJoel Matip
60%
Manchester UnitedDFEric Bailly
59%
LiverpoolDFTrent Alexander-Arnold
59%
Manchester UnitedDFAntonio Valencia
58%
Tottenham HotspurDFBen Davies
58%
ChelseaMFCésar Azpilicueta
57%
Leicester CityDFWes Morgan
57%
Crystal PalaceFWChristian Benteke
56%
ChelseaMFMarcos Alonso
56%
Tottenham HotspurMFMousa Dembélé
56%
EvertonFWWayne Rooney
56%
ChelseaMFCesc Fabregas
55%
ArsenalFWDanny Welbeck
54%
LiverpoolDFAlberto Moreno
53%
ArsenalMFAlex Oxlade-Chamberlain
53%
SouthamptonGKFraser Forster
53%
BournemouthFWJoshua King
53%
Tottenham HotspurMFEric Dier
52%
LiverpoolMFGeorginio Wijnaldum
52%
SouthamptonMFJames Ward-Prowse
52%
West Ham UnitedGKJoe Hart
52%
Crystal PalaceMFJoel Ward
52%
BurnleyDFStephen Ward
52%
EvertonMFLeighton Baines
51%
ArsenalDFRob Holding
51%
Leicester CityDFChristian Fuchs
50%
Leicester CityDFDanny Simpson
50%
Leicester CityMFMarc Albrighton
50%
Stoke CityGKJack Butland
49%
Leicester CityDFHarry Maguire
48%
WatfordGKHeurelho Gomes
48%
Swansea CityGKLukasz Fabianski
48%
West Ham UnitedMFAndré Ayew
47%
BournemouthGKAsmir Begovic
47%
West Bromwich AlbionGKBen Foster
47%
Swansea CityFWJordan Ayew
47%
Leicester CityFWShinji Okazaki
47%
Tottenham HotspurMFMoussa Sissoko
46%
BurnleyGKTom Heaton
46%
ChelseaDFAntonio Rüdiger
45%
EvertonDFAshley Williams
44%
Newcastle UnitedMFJonjo Shelvey
44%
EvertonDFMichael Keane
44%
BurnleyDFBen Mee
43%
BurnleyDFJames Tarkowski
43%
West Ham UnitedMFMark Noble
43%
Brighton & Hove AlbionGKMat Ryan
43%
ArsenalDFSead Kolasinac
43%
Manchester UnitedDFDaley Blind
41%
Brighton & Hove AlbionDFLewis Dunk
41%
BournemouthDFSteve Cook
41%
ArsenalMFMohamed Elneny
40%
Huddersfield TownDFTommy Smith
40%
Stoke CityFWXherdan Shaqiri
40%
LiverpoolMFEmre Can
39%
Crystal PalaceGKWayne Hennessey
39%
BournemouthDFNathan Aké
38%
BournemouthMFRyan Fraser
38%
EvertonMFDominic Calvert-Lewin
37%
Manchester UnitedMFHenrikh Mkhitaryan
37%
West Ham UnitedMFMarko Arnautovic
36%
Stoke CityDFRyan Shawcross
36%
Leicester CityMFWilfried Ndidi
36%
Huddersfield TownMFAaron Mooy
35%
West Ham UnitedFWJavier Hernandez
35%
West Ham UnitedDFPablo Zabaleta
35%
EvertonDFPhil Jagielka
35%
Swansea CityMFTom Carroll
35%
BournemouthDFCharlie Daniels
34%
Stoke CityDFKurt Zouma
34%
Crystal PalaceDFScott Dann
34%
Newcastle UnitedMFAyoze Pérez
33%
SouthamptonDFRyan Bertrand
33%
West Ham UnitedDFAngelo Ogbonna
31%
Manchester CityMFDanilo
31%
Brighton & Hove AlbionDFShane Duffy
31%
Swansea CityFWTammy Abraham
31%
Huddersfield TownGKJonas Lössl
30%
ChelseaFWMichy Batshuayi
30%
EvertonMFMorgan Schneiderlin
30%
Brighton & Hove AlbionFWPascal Groß
30%
West Bromwich AlbionDFCraig Dawson
29%
Swansea CityDFFederico Fernandez
29%
Stoke CityMFJoe Allen
29%
Newcastle UnitedMFMatt Ritchie
29%
Leicester CityMFMatty James
29%
BurnleyFWSam Vokes
29%
WatfordMFAbdoulaye Doucouré
28%
EvertonMFIdrissa Gueye
28%
West Bromwich AlbionFWJay Rodriguez
28%
Newcastle UnitedGKRobert Elliot
28%
Newcastle UnitedFWDwight Gayle
27%
SouthamptonDFCédric Soares
26%
Brighton & Hove AlbionMFDale Stephens
26%
BournemouthMFHarry Arter
26%
SouthamptonDFJack Stephens
26%
SouthamptonMFNathan Redmond
26%
Crystal PalaceFWRuben Loftus-Cheeks
26%
SouthamptonMFSteven Davis
26%
West Ham UnitedDFWinston Reid
26%
BournemouthDFSimon Francis
25%
Huddersfield TownFWSteve Mounie
25%
Crystal PalaceMFLuka Milivojevic
24%
SouthamptonMFOriol Romeu
24%
Crystal PalaceMFPatrick van Aanholt
24%
Swansea CityDFAlfie Mawson
23%
Newcastle UnitedDFCiaran Clark
23%
BurnleyMFJack Cork
23%
SouthamptonDFMaya Yoshida
23%
WatfordDFDaryl Janmaat
22%
SouthamptonMFDusan Tadic
22%
SouthamptonFWManolo Gabbiadini
22%
BurnleyDFMatthew Lowton
22%
WatfordMFTom Cleverley
22%
BournemouthMFAndrew Surman
21%
Stoke CityMFErik Pieters
21%
BurnleyMFJeff Hendrick
21%
WatfordDFJosé Holebas
21%
Newcastle UnitedDFPaul Dummett
21%
Newcastle UnitedMFChristian Atsu
20%
Crystal PalaceMFJason Puncheon
20%
Huddersfield TownMFPhilip Billing
20%
BurnleyMFRobbie Brady
20%
West Ham UnitedDFArthur Masuaku
19%
Brighton & Hove AlbionDFBruno
19%
Stoke CityMFDarren Fletcher
19%
Newcastle UnitedDFJavier Manquillo
19%
Swansea CityMFLeon Britton
19%
Stoke CityMFMame Biram Diouf
19%
West Ham UnitedMFPedro Obiang
19%
Stoke CityFWSaido Berahino
19%
West Bromwich AlbionDFAhmed Hegazi
18%
BournemouthFWBenik Afobe
18%
Huddersfield TownDFChristopher Schindler
18%
Brighton & Hove AlbionMFDavy Pröpper
18%
Newcastle UnitedMFIsaac Hayden
18%
Swansea CityDFKyle Naughton
18%
Brighton & Hove AlbionMFSolly March
18%
Swansea CityFWWayne Routledge
18%
Stoke CityFWBojan
17%
BurnleyMFSteven Defour
17%
BurnleyMFJohann Gudmundsson
16%
Swansea CityDFMartin Olsson
16%
West Bromwich AlbionMFMatt Phillips
16%
WatfordDFMiguel Britos
16%
EvertonFWSandro Ramirez
16%
West Bromwich AlbionDFAllan Nyom
15%
West Ham UnitedMFEdimilson Fernandes
15%
Newcastle UnitedDFFlorian Lejeune
15%
WatfordFWStefano Okaka
15%
Huddersfield TownMFTom Ince
15%
EvertonFWDavy Klaasen
14%
Stoke CityDFGeoff Cameron
14%
West Bromwich AlbionMFJake Livermore
13%
BournemouthMFMarc Pugh
13%
WatfordFWRoberto Pereyra
13%
Crystal PalaceDFTimothy Fosu-Mensah
13%
Brighton & Hove AlbionFWTomer Hemed
13%
Brighton & Hove AlbionMFIsaiah Brown
12%
Huddersfield TownDFMathias Jorgensen
12%
WatfordMFNathaniel Chalobah
12%
West Bromwich AlbionMFClaudio Yacob
11%
Huddersfield TownMFElias Kachunga
11%
Crystal PalaceDFJairo Riedewald
11%
West Bromwich AlbionMFJames McClean
11%
Huddersfield TownDFChris Löwe
10%
ChelseaFWJeremie Boga
10%
WatfordDFYounes Kaboul
10%
Brighton & Hove AlbionDFMarkus Suttner
8%
West Bromwich AlbionDFChris Bunt
6%
Huddersfield TownMFKasey Palmer
5%
WatfordFWNordin Amrabat
5%
West Bromwich AlbionMFSam Field
5%

Score Distribution

Percentile by Number Answered

Percent of People with Each Score

Your Score History

You have not taken this quiz